| 000 | 00289 a2200109 4500 | ||
|---|---|---|---|
| 001 | 33831 | ||
| 082 | _a371.3303MUJ | ||
| 090 |
_c22485 _d22485 |
||
| 100 | _aMujibul Hassan Siddiqui | ||
| 245 | _aEncyclopaedia of Educational Technology | ||
| 260 |
_aNew Delhi _bAPH Publishing Corporation |
||
| 942 |
_aNUST-CAE _k371.3303MUJ |
||
| 999 |
_c268904 _d268904 |
||